Pokémon Épée et Bouclier : Tournoi des Stars - Statistiques

Statistiques générales
  • Ce quiz a été pris 14 fois
  • Le résultat moyen est 36 sur 60
Statistiques - réponses
Hint Réponse % Correct
Tarak Dracaufeu
100%
Nabil Moumouflon
100%
Nabil Pyrobut, Lézargus ou Gorythmic
100%
Tarak Exagide
92%
Faïza Mackogneur
92%
Kabu Scolocendre
92%
Donna Torgamord
92%
Rosemary Angoliath
83%
Sally Charmilly
83%
Roy Duralugon
83%
Alistair Ectoplasma
83%
Peterson Ixon
83%
Roy Libégon
83%
Chaz Monthracite
83%
Rosemary Morpeko
83%
Mustar Shifours
83%
Travis Sorcilence
83%
Kabu Arcanin
75%
Sophora Flagadoss de Galar
75%
Saturnin Flagadoss de Galar
75%
Travis Galopa de Galar
75%
Dhilan Pachyradjah
75%
Jean-Fleuret Palarticho
75%
Jean-Targe Palarticho
75%
Sophora Roigada de Galar
75%
Saturnin Roigada de Galar
75%
Nabil Zacian ou Zamazenta
75%
Lona Darumacho de Galar
67%
Tarak Lanssorien
67%
Lona Lokhlass
67%
Percy Dratatin
58%
Travis Mysdibule
58%
Rosemary Baggaïd
50%
Alistair Corayôme
50%
Mustar Ekaïser
50%
Peterson Moufflair
50%
Mustar Shaofouine
50%
Sally Togekiss
50%
Sophora Brutapode
42%
Kabu Chartor
42%
Lona M. Glaquette
42%
Peterson Salarsen
42%
Donna Sarmuraï
42%
Jean-Fleuret Sarmuraï
42%
Sally Smogogo de Galar
42%
Faïza Brutalibré
33%
Chaz Caratroc
33%
Dhilan Galeking
33%
Faïza Hexadron
33%
Percy Ludicolo ou Tengalice
33%
Saturnin Alakazam
25%
Jean-Targe Archéodong
25%
Percy Ceriflor
25%
Jean-Targe Cliticlic
25%
Roy Muplodocus
25%
Alistair Noctunoir
25%
Jean-Fleuret Scalproie
25%
Chaz Tyranocif
25%
Dhilan Berserkatt
17%
Donna Prédasterie
17%
Aucun quiz correspondant
Distribution des résultats
% des personnes avec chaque résultat
Percentile par nombre de réponses
Votre historique - résultats
Vous n’avez pas pris ce quiz